La Penya del Colon a 'L'Agut d'Avignon' / [Rafael Manzano ; traducció: Agustí Pons] Agustí Pons]

per Manzano, Rafael

Publicat: Barcelona : Gràf. Fomento , 1980
Descripció física: [22] p. : il. col. ; 25 cm

MARC

LEADER 00000nam a2200000Ia 4500
001 19598
008 160829s1980 xx 000 0 cat d
080 |a FU-9-22 
100 |a Manzano, Rafael  |9 25896 
245 |a La Penya del Colon a 'L'Agut d'Avignon' / [Rafael Manzano ; traducció:  |b  Agustí Pons] 
260 |a Barcelona :  |b Gràf. Fomento,  |c 1980 
300 |a [22] p. :  |b  il. col. ;  |c 25 cm 
590 |a Inclou el quadre pintat per Joan Commeleran representant els components de la 'Penya del Colon'.  
590 |a Prové de S-627, exp. 262 
650 |a Tertúlies literàries  |9 47261 
700 |a Pons, Agustí, tr.   |9 47262  |e il·lustrador 
700 |a Commeleran, Joan  |e il·lustrador  |9 47263 
901 |a Arxiu 
942 |n 1  |2 udc 
952 |0 0  |1 0  |4 0  |6 FU922  |7 1  |9 53786  |a Arxiu  |b Arxiu  |d 2016-12-01  |l 0  |o FU-9-22  |p 19598  |r 2016-12-01 00:00:00  |w 2016-12-01  |y ARXIU 
999 |c 57652  |d 57652